[Event "Mittelrhein Verbandsliga West 1920"]
[Site "Mittelrhein"]
[Date "2019.10.27"]
[Round "2.4"]
[White "Whitmire, James David"]
[Black "Mainka, Alwin"]
[Result "1/2-1/2"]
[WhiteElo "2061"]
[BlackElo "1912"]
[PlyCount "47"]
[EventDate "2019.09.29"]
[EventType "team-tourn"]
[EventRounds "9"]
[EventCountry "GER"]
[SourceTitle "EXT 2023"]
[Source "ChessBase"]
[SourceDate "2022.10.05"]
[SourceVersion "1"]
[SourceVersionDate "2022.10.05"]
[SourceQuality "1"]
[WhiteTeam "Aachen PTSV"]
[BlackTeam "Eilendorf Arminia"]
[WhiteTeamCountry "GER"]
[BlackTeamCountry "GER"]

1. d4 Nf6 2. Nf3 g6 3. c4 Bg7 4. e3 0-0 5. h3 d5 6. cxd5 Nxd5 7. e4 Nb6 8. Nc3 N8d7 9. Be3 c6 10. Be2 e5 11. 0-0 Re8 12. Qb3 exd4 13. Nxd4 Nc5 14. Qb4 Nxe4 15. Nxe4 Rxe4 16. Rfd1 Nd5 17. Nxc6 Qe8 18. Qxe4 Qxe4 19. Rxd5 Be6 20. Bf3 Qa4 21. Ra5 Qc2 22. Nxa7 Qxb2 23. Rd1 Bf6 24. Rb5 1/2-1/2

[Event "Mittelrhein Verbandsliga-W 18/19"]
[Site "Nordrheinwestfalen"]
[Date "2019.01.20"]
[Round "6.1"]
[White "Whitmire, James David"]
[Black "Bien, Stefan"]
[Result "0-1"]
[WhiteElo "2061"]
[BlackElo "2024"]
[PlyCount "138"]
[EventDate "2018.09.02"]
[EventType "team-tourn"]
[EventRounds "11"]
[EventCountry "GER"]
[SourceTitle "EXT 2022"]
[Source "ChessBase"]
[SourceDate "2021.10.06"]
[SourceVersion "1"]
[SourceVersionDate "2021.10.06"]
[SourceQuality "1"]
[WhiteTeam "Aachen PTSV"]
[BlackTeam "Kerpen SK"]
[WhiteTeamCountry "GER"]
[BlackTeamCountry "GER"]

1. d4 c6 2. Nf3 d5 3. Bf4 Bg4 4. Ne5 Bf5 5. Nc3 Nd7 6. e4 Nxe5 7. exf5 Nd7 8. Bd3 g6 9. h4 Bg7 10. h5 gxf5 11. Bxf5 e6 12. h6 Bf6 13. Bh3 Ne7 14. Qd2 Ng6 15. Be3 Qa5 16. 0-0-0 Nb6 17. Ne4 Qxd2+ 18. Nxd2 0-0-0 19. b3 Be7 20. Kb2 Rhg8 21. a4 a5 22. g3 Kc7 23. Nf3 Nh8 24. Bf4+ Bd6 25. Bg5 Rde8 26. Bf6 Nd7 27. Bg5 Be7 28. Bd2 b6 29. Rde1 Bf6 30. c3 c5 31. Bf4+ Kb7 32. Bf1 Ng6 33. Bd2 Ne7 34. Bd3 Ng6 35. Bb5 Re7 36. Ka2 Rc8 37. Kb1 Nb8 38. Bg5 Bxg5 39. Nxg5 Nf8 40. Bd3 f6 41. Nh3 cxd4 42. cxd4 Nc6 43. Nf4 Nb4 44. Bb5 Rc3 45. Re3 Rxe3 46. fxe3 e5 47. dxe5 Rxe5 48. Re1 Ne6 49. Nxe6 Rxe6 50. g4 Kc7 51. Kb2 Kd6 52. Kc3 Re4 53. Bd3 Nxd3 54. Kxd3 Rxg4 55. Rh1 f5 56. Rf1 Ke5 57. Rc1 Rg6 58. Rh1 Rg3 59. Rh4 Rg4 60. Rh1 d4 61. exd4+ Rxd4+ 62. Kc3 Rd6 63. Kc4 f4 64. Re1+ Kf5 65. Re7 Rxh6 66. Kd5 f3 67. Rf7+ Rf6 68. Rxh7 f2 69. Rh1 Kf4 0-1

[Event "Mittelrhein Verbandsliga-W 18/19"]
[Site "Nordrheinwestfalen"]
[Date "2018.12.16"]
[Round "5.1"]
[White "Whitmire, James David"]
[Black "Kleinen, Sandro"]
[Result "1-0"]
[WhiteElo "2065"]
[BlackElo "2022"]
[PlyCount "49"]
[EventDate "2018.09.02"]
[EventType "team-tourn"]
[EventRounds "11"]
[EventCountry "GER"]
[SourceTitle "EXT 2022"]
[Source "ChessBase"]
[SourceDate "2021.10.06"]
[SourceVersion "1"]
[SourceVersionDate "2021.10.06"]
[SourceQuality "1"]
[WhiteTeam "Aachen PTSV"]
[BlackTeam "Uebach Palenberg"]
[WhiteTeamCountry "GER"]
[BlackTeamCountry "GER"]

1. d4 Nf6 2. Nf3 g6 3. c4 Bg7 4. e3 0-0 5. h3 d6 6. Nc3 Nc6 7. Be2 e5 8. Qc2 Ne8 9. d5 Ne7 10. b3 f5 11. 0-0 h6 12. Bb2 Nf6 13. Rfd1 g5 14. c5 a6 15. Rac1 Kh8 16. b4 Qe8 17. b5 g4 18. hxg4 fxg4 19. Nh4 dxc5 20. b6 Qh5 21. g3 cxb6 22. Bd3 Rd8 23. d6 Nc6 24. Ng6+ Kg8 25. Qb3+ 1-0

[Event "Mittelrhein Verbandsliga-W 17/18"]
[Site "Nordrheinwestfalen"]
[Date "2018.03.18"]
[Round "9.1"]
[White "Voulon, Oliver"]
[Black "Whitmire, James David"]
[Result "1-0"]
[WhiteElo "2014"]
[BlackElo "2020"]
[PlyCount "121"]
[EventDate "2017.09.10"]
[EventType "team-tourn"]
[EventRounds "11"]
[EventCountry "GER"]
[SourceTitle "EXT 2022"]
[Source "ChessBase"]
[SourceDate "2021.10.06"]
[SourceVersion "1"]
[SourceVersionDate "2021.10.06"]
[SourceQuality "1"]
[WhiteTeam "Lendersdorf"]
[BlackTeam "Aachen PTSV"]
[WhiteTeamCountry "GER"]
[BlackTeamCountry "GER"]

1. d4 Nf6 2. Nf3 g6 3. c4 c5 4. Nc3 cxd4 5. Nxd4 Bg7 6. e4 Nc6 7. Be3 Ng4 8. Nxc6 dxc6 9. Qxd8+ Kxd8 10. Rd1+ Kc7 11. Bd4 Bxd4 12. Rxd4 e5 13. Rd1 Be6 14. Be2 Rad8 15. 0-0 Rd4 16. b3 Rhd8 17. h3 Nf6 18. Bf3 Rd3 19. Nd5+ cxd5 20. Rxd3 d4 21. Rd2 Nd7 22. Bd1 f5 23. exf5 gxf5 24. f4 Nc5 25. fxe5 Ne4 26. Rd3 Nc3 27. Rf4 Ne4 28. Bf3 Kb6 29. g4 Ng5 30. Kg2 fxg4 31. Bxg4 Kc5 32. h4 Bxg4 33. Rxg4 Ne6 34. a3 Rf8 35. Rf3 Rd8 36. Kf2 a5 37. Rf6 Re8 38. Rf7 a4 39. b4+ Kxc4 40. Rxb7 Kb3 41. Rg3+ Kc2 42. Rxh7 Rf8+ 43. Rf3 Nf4 44. Rc7+ Kd2 45. e6 Nd3+ 46. Kg3 Rg8+ 47. Kh2 Ke2 48. Rcf7 Ne5 49. Rf2+ Ke3 50. Rf8 Rg6 51. e7 Ng4+ 52. Kg2 Nxf2+ 53. Kf1 Ne4 54. e8Q Rd6 55. Qe5 d3 56. Qf4+ Kd4 57. Re8 Kc3 58. Rxe4 d2 59. Qxd6 Kb3 60. Qd3+ Ka2 61. Qxd2+ 1-0

[Event "Cologne Longerich op-A 13th"]
[Site "Cologne"]
[Date "2016.08.14"]
[Round "5"]
[White "Whitmire, James David"]
[Black "Bussard, Christian"]
[Result "1/2-1/2"]
[WhiteElo "1915"]
[BlackElo "2195"]
[PlyCount "134"]
[EventDate "2016.08.12"]
[EventType "swiss"]
[EventRounds "5"]
[EventCountry "GER"]
[SourceTitle "EXT 2022"]
[Source "ChessBase"]
[SourceDate "2021.10.06"]
[SourceVersion "1"]
[SourceVersionDate "2021.10.06"]
[SourceQuality "1"]

1. d4 Nf6 2. Nf3 e6 3. e3 b6 4. Bd3 Bb7 5. Nbd2 Be7 6. e4 d6 7. 0-0 c5 8. c3 Nc6 9. Re1 0-0 10. a3 Rc8 11. Qe2 cxd4 12. cxd4 e5 13. b4 exd4 14. Bb2 Ne5 15. Nxd4 Nxd3 16. Qxd3 Re8 17. Nf5 Bf8 18. Qg3 Kh8 19. Qf4 Ng8 20. Qg4 Nf6 21. Qh4 Nxe4 22. Qg4 Nf6 23. Qg5 Re6 24. Re3 Ne8 25. Qh5 Kg8 26. Rh3 h6 27. Rg3 Rc2 28. Bc3 Rxc3 29. Rxc3 Qf6 30. Rac1 Re5 31. g4 Qe6 32. Qh3 Re1+ 33. Rxe1 Qxe1+ 34. Nf1 Qe4 35. N5g3 Qd5 36. Ne3 Qd4 37. Ne2 Qf6 38. Rd3 Be4 39. Rd2 Qa1+ 40. Nf1 Nf6 41. Qc3 Qb1 42. h3 Bg6 43. Nf4 Ne4 44. Qb2 Nxd2 45. Qxd2 Be4 46. Nd5 Qb3 47. Nc3 Bb7 48. Qc1 Qc4 49. Ne3 Qf4 50. Qd1 g6 51. Ncd5 Qg5 52. Qd4 Bg7 53. Qe4 Kh7 54. Nf6+ Qxf6 55. Qxb7 Qa1+ 56. Kh2 Qa2 57. Kg2 Qxa3 58. Nd5 Qd3 59. Qxf7 Qe4+ 60. Kg1 Qe1+ 61. Kg2 Qe5 62. Ne7 Qe4+ 63. Kg3 h5 64. g5 h4+ 65. Kh2 Qe5+ 66. f4 Qe2+ 67. Kg1 Qe1+ 1/2-1/2

[Event "Mittelrhein Regionalliga 15/16"]
[Site "Nordrheinwestfalen"]
[Date "2016.03.13"]
[Round "8.2"]
[White "Whitmire, James David"]
[Black "Noiroux, Kevin"]
[Result "0-1"]
[WhiteElo "1837"]
[BlackElo "2164"]
[PlyCount "84"]
[EventDate "2015.09.27"]
[EventType "team-tourn"]
[EventRounds "9"]
[EventCountry "GER"]
[SourceTitle "EXT 2022"]
[Source "ChessBase"]
[SourceDate "2021.10.06"]
[SourceVersion "1"]
[SourceVersionDate "2021.10.06"]
[SourceQuality "1"]
[WhiteTeam "Aachen PTSV"]
[BlackTeam "Aachen DJK Aufwärts III"]
[WhiteTeamCountry "GER"]
[BlackTeamCountry "GER"]

1. d4 e6 2. Nf3 Nf6 3. e3 c5 4. Bd3 d5 5. b3 Nc6 6. 0-0 Bd6 7. Bb2 0-0 8. dxc5 Bxc5 9. a3 a5 10. Nbd2 Re8 11. c4 d4 12. exd4 Nxd4 13. Ne4 Nxe4 14. Bxe4 e5 15. Nxd4 Bxd4 16. Bxd4 exd4 17. Qd3 g6 18. Rad1 Qb6 19. Qxd4 Qxb3 20. Rd3 Qa4 21. h4 h5 22. Rg3 Ra6 23. Bd5 Re7 24. Bf3 Qe8 25. Rg5 Bf5 26. Bd5 Kh7 27. Rc1 Rd6 28. Qf4 Qd7 29. Bxb7 Rd1+ 30. Rxd1 Qxd1+ 31. Kh2 Rxb7 32. Rxf5 gxf5 33. Qxf5+ Kg7 34. Qg5+ Kf8 35. Qxa5 Qd6+ 36. g3 Rb2 37. Qa8+ Kg7 38. Qf3 Qd4 39. Kg2 Qxc4 40. Qxh5 Qe4+ 41. Kh3 Rxf2 42. Qg5+ Qg6 0-1

[Event "Mittelrhein Regionalliga 15/16"]
[Site "Nordrheinwestfalen"]
[Date "2015.12.13"]
[Round "4.2"]
[White "Whitmire, James David"]
[Black "Kewes, Gerd"]
[Result "0-1"]
[WhiteElo "1854"]
[BlackElo "2004"]
[PlyCount "110"]
[EventDate "2015.09.27"]
[EventType "team-tourn"]
[EventRounds "9"]
[EventCountry "GER"]
[SourceTitle "EXT 2022"]
[Source "ChessBase"]
[SourceDate "2021.10.06"]
[SourceVersion "1"]
[SourceVersionDate "2021.10.06"]
[SourceQuality "1"]
[WhiteTeam "Aachen PTSV"]
[BlackTeam "Koeln SF II"]
[WhiteTeamCountry "GER"]
[BlackTeamCountry "GER"]

1. d4 Nf6 2. Nf3 e6 3. e3 Be7 4. Bd3 b6 5. e4 Bb7 6. Nbd2 c5 7. c3 d5 8. e5 Nfd7 9. Qe2 Qc8 10. h4 Ba6 11. Ng5 Bxd3 12. Qxd3 h6 13. Nxe6 fxe6 14. Qg6+ Kf8 15. Rh3 Nxe5 16. dxe5 Nc6 17. Rg3 Rg8 18. Rf3+ Bf6 19. exf6 Ne5 20. fxg7+ Ke7 21. Qf6+ Kd6 22. Re3 Ng4 23. Qf4+ e5 24. Qf7 Nxe3 25. fxe3 Qe6 26. Qb7 Qe7 27. Qxe7+ Kxe7 28. e4 Rxg7 29. exd5 Rxg2 30. Nf1 h5 31. Bg5+ Kd6 32. 0-0-0 b5 33. Rd3 Rf8 34. Ng3 Rg1+ 35. Kc2 Rg2+ 36. Bd2 Rf4 37. Kb1 Rg1+ 38. Bc1 c4 39. Re3 Rg4 40. Ne4+ Kc7 41. d6+ Kd8 42. Nf6 Rf4 43. Nxh5 Rxh4 44. Ng3 Rh3 45. Rxe5 Rhxg3 46. Kc2 R1g2+ 47. Kb1 Rg1 48. Kc2 R1g2+ 49. Kb1 Rd3 50. Bg5+ Kd7 51. a4 Rd1+ 52. Ka2 Rgg1 53. Ka3 a5 54. b4 Ra1+ 55. Kb2 bxa4 0-1

[Event "Cologne Longerich op-A 12th"]
[Site "Cologne"]
[Date "2015.08.02"]
[Round "4"]
[White "Whitmire, James David"]
[Black "Khanukov, Boris"]
[Result "0-1"]
[WhiteElo "1940"]
[BlackElo "2322"]
[PlyCount "44"]
[EventDate "2015.07.31"]
[EventType "tourn"]
[EventRounds "5"]
[EventCountry "GER"]
[SourceTitle "EXT 2017"]
[Source "ChessBase"]
[SourceDate "2016.10.25"]
[SourceVersion "1"]
[SourceVersionDate "2016.10.25"]
[SourceQuality "1"]

1. d4 Nf6 2. Nf3 e6 3. e3 c5 4. Bd3 Nc6 5. 0-0 Qc7 6. Nbd2 Nb4 7. Bc4 d5 8. Bb5+ Bd7 9. Bxd7+ Qxd7 10. Ne5 Qc7 11. c3 Nc6 12. Qa4 Bd6 13. f4 0-0 14. a3 Ne7 15. b4 cxb4 16. cxb4 Qc3 17. Qb3 Rfc8 18. Qxc3 Rxc3 19. Ndf3 Ne4 20. Re1 f6 21. Ng4 Rc2 22. Rd1 h5 0-1

[Event "Mittelrhein-ch"]
[Site "Germany"]
[Date "2013.05.30"]
[Round "2"]
[White "Whitmire, James David"]
[Black "Gramb, Marius"]
[Result "1-0"]
[WhiteElo "1988"]
[BlackElo "1843"]
[PlyCount "119"]
[EventDate "2013.05.29"]
[EventType "swiss"]
[EventRounds "5"]
[EventCountry "GER"]
[SourceTitle "EXT 2015"]
[Source "ChessBase"]
[SourceDate "2014.11.20"]
[SourceVersion "1"]
[SourceVersionDate "2014.11.20"]
[SourceQuality "1"]

1. d4 Nf6 2. Nf3 e6 3. e3 b6 4. Bd3 Bb7 5. Nbd2 d5 6. c4 Nbd7 7. 0-0 Bd6 8. Qc2 0-0 9. e4 dxe4 10. Nxe4 Nxe4 11. Bxe4 Bxe4 12. Qxe4 Nf6 13. Qe2 c5 14. Rd1 Qc7 15. b3 cxd4 16. Rxd4 e5 17. Rh4 Rae8 18. Ng5 h6 19. Ne4 Nxe4 20. Qxe4 f5 21. Qd5+ Kh7 22. g4 Qe7 23. Rh5 Qe6 24. Qxe6 Rxe6 25. gxf5 Ref6 26. Be3 Rxf5 27. Rxf5 Rxf5 28. Rd1 Rf6 29. a4 Kg6 30. a5 Bc7 31. Rd7 Rc6 32. a6 Kf6 33. Kg2 g5 34. Kf3 Ke6 35. Rh7 Kf5 36. Ke2 e4 37. h3 Bb8 38. Rb7 Rc8 39. b4 Kf6 40. c5 bxc5 41. Bxc5 Ke6 42. Bxa7 Bf4 43. Be3 Rc2+ 44. Kd1 Ra2 45. Rb6+ Kd5 46. Bxf4 gxf4 47. Rb5+ Kc6 48. Ra5 Rxa5 49. bxa5 Kc7 50. Kd2 Kb8 51. Kc3 Ka7 52. Kd4 e3 53. fxe3 f3 54. Kd3 Kxa6 55. e4 Kxa5 56. Ke3 f2 57. Kxf2 Kb5 58. Ke3 Kc5 59. Kf4 Kd6 60. Kf5 1-0

[Event "Dortmund Sparkassen op-B"]
[Site "Dortmund"]
[Date "2006.08.04"]
[Round "7"]
[White "Whitmire, James David"]
[Black "Glienke, Norbert"]
[Result "0-1"]
[WhiteElo "1559"]
[BlackElo "1720"]
[PlyCount "76"]
[EventDate "2006.07.28"]
[EventType "swiss"]
[EventRounds "9"]
[EventCountry "GER"]
[SourceTitle "CBM 113 Extra"]
[Source "ChessBase"]
[SourceDate "2006.09.14"]
[SourceVersion "1"]
[SourceVersionDate "2006.09.14"]
[SourceQuality "1"]

1. e4 c5 2. Nf3 e6 3. d3 Nc6 4. g3 Qc7 5. Bg2 Nf6 6. 0-0 d6 7. Re1 Be7 8. Bf4 e5 9. Bg5 h6 10. Bxf6 Bxf6 11. Nc3 Ne7 12. Nd5 Nxd5 13. exd5 Bg4 14. c4 Qd7 15. Qc2 h5 16. Nd2 h4 17. Ne4 hxg3 18. fxg3 Be7 19. b4 b6 20. bxc5 bxc5 21. Rab1 0-0 22. Nd2 Rab8 23. Nb3 Qa4 24. Qd2 Rb4 25. Nxc5 dxc5 26. Rxb4 Qxb4 27. Qxb4 cxb4 28. Rxe5 Bf6 29. Re4 Bf5 30. Rf4 Bxd3 31. c5 Re8 32. c6 Re1+ 33. Kf2 Re2+ 34. Kf3 Rxa2 35. d6 Be5 36. Rd4 Bxd4 37. c7 Bf5 38. Bh3 Rf2# 0-1